000 00229nam a2200097Ia 4500
001 924419
005 20250826191521.0
008 250824s9999 xx 000 0 und d
245 0 _aGORİOT BABA
_cBALZAC
260 _bANONİM YAYINLARI
999 _c924419
_d924419